00285nam a22000977a 4500008004100000082001600041100001400057245006100071260004600132300000900178230621b xxu||||| |||| 00| 0 eng d a328.38bFIN cS.E Finer aAnonymous EmpirebA study of the lobby in Great Britain alondonbThe Pall Mall Press limitedc1958 a150p